| 000 | 01228nam a22003377a 4500 | ||
|---|---|---|---|
| 001 | BR8400008 | ||
| 003 | BR-BrBNA | ||
| 005 | 20230928091838.0 | ||
| 007 | ta | ||
| 008 | 230509b bl.||||| |||| 00| 0 por d | ||
| 040 |
_aBR-BrBNA _bpor _cBiblioteca Nacional de Agricultura |
||
| 041 | _a(Por) | ||
| 072 |
_aL70; L73 _b5300 _b/G514 |
||
| 090 | _ 5300 BR8400008 | ||
| 100 | 1 | _aAssis, C.B. de | |
| 110 | 1 |
_aUniversidade Federal de Minas Gerais, Belo Horizonte (Brasil). Escola de Veterinaria _0Tese (Mestrado) |
|
| 245 | 1 | _aFerro e cobre sericos, proteina total e fracionada no soro de leitoes submetidos a diversos tratamentos na prevencao de anemia ferropriva [suino, Brasil] | |
| 246 | 1 | _a[Serum iron and copper, total and fractioned protein in the serum of piglets submitted to various treatments for prevention of iron-deficiency anaemia [pig, Brazil]] | |
| 260 | 3 |
_aBelo Horizonte, MG (Brasil): _c1982. |
|
| 300 | _a60 p. | ||
| 500 | _a46 ref.; Summaries (Eng, Por); 13 tables; 5 illus. | ||
| 650 | _aSUINO | ||
| 650 | _aLEITAO | ||
| 650 | _aANEMIA | ||
| 650 | _aPROFILAXIA | ||
| 650 | _aFERRO | ||
| 650 | _aPROTEINA | ||
| 650 | _aPROTEINOGRAMA | ||
| 909 |
_a202309 _bLucia _c55 _dLucia Elande |
||
| 942 | _cBK | ||
| 999 |
_c35847 _d35847 |
||